Score 0/42 Timer 06:00
2 Plays Today
% Correct
Category
100%
Trees
100%
Languages
100%
Colors
100%
Bible books (KJV)
100%
A
100%
E
100%
I
100%
O
100%
U
100%
Islands/archipelagos
100%
Birds
100%
green
74.3%
black
68.6%
sassafras
63.6%
beech
61.4%
French
57.9%
Song of Solomon
52.7%
Psalms
50.2%
pink
49.5%
birch
48.1%
% Correct
Madagascar
45.8%
hawk
40.9%
condor
40.7%
Hindi
40%
Urdu
39.2%
brown
38.4%
ibis
37.2%
Fiji
33.7%
egret
32.7%
Ruth
29.2%
Esther
22.5%
Kyushu
22.3%
Crete
20.6%
dogwood
20.5%
dun
19.3%
duck
18.8%
Comoros
18.4%
Kings
16.4%
plum
15.4%
Catalan
10.2%
Wolof
5.7%

You're not logged in!

Compare scores with friends on all Sporcle quizzes.
OR
Log In

Sporcle TV

Today on Sporcle TV


Watch our educational content, quiz creation guides, and fun videos on Sporcle TV.

Show Comments

Extras

Top Quizzes Today


Score Distribution

Paid Content

Your Account Isn't Verified!

In order to create a playlist on Sporcle, you need to verify the email address you used during registration. Go to your Sporcle Settings to finish the process.

Report this User

Report this user for behavior that violates our Community Guidelines.

Details: